| 000 | 00822pam a22002774a 4500 | ||
|---|---|---|---|
| 008 | |||
| 020 | _a0323036244 (pbk.) | ||
| 049 | _aMAIN | ||
| 090 |
_aRC78 _bEIS |
||
| 100 | 1 | _aEisenberg, Ronald L. | |
| 245 | 1 | 0 |
_aComprehensive radiographic pathology / _cRonald L. Eisenberg, Nancy M. Johnson. |
| 250 | _a4th ed. | ||
| 260 |
_aSt. Louis, Mo. : _bMosby/Elsevier, _cc2007. |
||
| 300 |
_axvi, 516 p. : _bill. ; _c28 cm. |
||
| 500 | _aIncludes index. | ||
| 504 | _aIncludes bibliographical references. | ||
| 650 | 0 | _aDiagnosis, Radioscopic. | |
| 650 | 0 | _aPathology. | |
| 650 | 0 | _aMedical technologists. | |
| 700 | 1 | _aJohnson, Nancy M. | |
| 907 |
_a.b10298290 _b23-04-12 _c13-06-11 |
||
| 003 | |||
| 005 | 20230120204104.0 | ||
| 040 | _cNUST | ||
| 942 |
_cBOOKS _kRC78 _mEIS |
||
| 999 |
_c116893 _d116893 |
||